00879nas a2200253 4500001001300000003000900013005001700022007000300039008003400042040005400076041000900130072001300139100001700152100001800169245008000187246008100267650000900348650001200357650001700369650002200386650001700408650002000425773018000445BR2011007234BR-BrBNA20231205115746.0ta230509b bl.|||p| |||| 00| 00por d aBR-BrBNAbporcBiblioteca Nacional de Agricultura a(Pt) aL53; L731 aMaia, A.A.S.1 aCosta, F.V.A.1 aParticularidades do ciclo estral e doenças reprodutivas da fêmea felina1 aFeatures of the estrous cycle and reproductive diseases of the female feline aGATO aFÊMEA aCICLO ESTRAL aHORMÔNIO ANIMAL aOVULAÇÃO aDOENÇA ANIMAL0 tMEDVEP. Revista Científica de Medicina Veterinária. Pequenos Animais e Animais de Estimação (Brazil)xISSN 1678-1430g(Apr-Jun 2010), v. 8(25) p. 270-277wBR2011007234